| 000 | 00878cam a22002531i 4500 | ||
|---|---|---|---|
| 003 | SA-RiAUC | ||
| 005 | 20250529065855.0 | ||
| 008 | 250526s1958 ua g f00000 ara c | ||
| 040 |
_aSD-OmOIU _bara _cSA-RiAUC. _erda |
||
| 082 | 0 | 4 |
_a229.41 _qSA-RiAUC |
| 090 |
_a229.41 _b م و س |
||
| 100 | 1 |
_aموسى، محمد يوسف، _d1899-1963 _eمؤلف. |
|
| 245 | 1 | 2 |
_aالقرآن والفلسفة / _cتأليف محمد يوسف موسى. |
| 250 | _aالطبعة الأولى. | ||
| 264 | 1 |
_aالقاهرة : _bدار المعارف، _c1958 |
|
| 300 |
_a160 صفحة ؛ _c24 سم |
||
| 336 |
_aنص _btxt _2rdacontent _3كتاب |
||
| 337 |
_aبدون وسيط _bn _2rdamedia |
||
| 338 |
_aمجلد _bnc _2rdacarrier |
||
| 650 | 7 |
_aالقرآن والفلسفة _2aucsh |
|
| 730 | 2 | 2 | _aالقرآن |
| 942 |
_2ddc _cBOOK _n0 |
||
| 949 |
_aSA-JeALM _d250526 _umohamedma123 _n1 |
||
| 999 |
_c8471 _d8471 |
||